000 00339nam a2200145Ia 4500
001 R-1407
003 CODICE-MESSINA
005 20260212102507.0
008 260211s9999 xx 000 0 und d
040 _cimportazione_messina
100 _aLeonard Lo Curto
245 0 _aItalia Nuova
260 _bA. Milesi &Figli
942 _2ddc
_cBK
999 _c27910
_d27910